Tychy - quiz wielokrotnego wyboru - Statystyki

Ogólne statystyki
  • Ten quiz został rozwiązany 51 razy
  • Średni wynik to 8 z 10
Statystyki odpowiedzi
Zagadnienie Odpowiedź % Poprawnych
Jak nazywa się klub piłkarski z Tychów? GKS Tychy
100%
Jakie jezioro leży na terenie miasta? Paprocańskie
98%
Z jakiego napoju alkoholowego słyną Tychy? Piwo
98%
Które z tych zdjęć przedstawia Tychy?
95%
Która z tych rzek płynie przez Tychy? Gostynia
93%
Który z tych przedmiotów znajduję się na herbie Tychów? Róg
83%
Jak nazywa się końcowa stacja kolejowa dla wielu pociągów Kolei Śląskich? Tychy Lodowisko
80%
Jak nazywano Tychy po niemiecku? Tichau
78%
Jak nazywa się powiat, który kiedyś istniał jako powiat tyski? bieruńsko-lędziński
71%
Co stało się nad tym jeziorem 2 sierpnia 2025 roku? Otwarcie nowego portu jachtowego
41%
Nie znaleziono quizów pasujących do podanych kryteriów
Rozkład punktacji
Procent ludzi z każdym wynikiem
Percentyl według liczby udzielonych odpowiedzi
Twoja historia wyników
Nie rozwiązałeś tego quizu